[De la monarquía wisigoda y de su código ; (Record no. 153162)

MARC details
000 -LEADER
campo de control de longitud fija 01045nam a2200241 i 4500
001 - NÚMERO DE CONTROL
campo de control 153162
003 - IDENTIFICADOR DE NÚMERO DE CONTROL
campo de control ES-MaACL
005 - FECHA Y HORA DE LA ÚLTIMA TRANSACCIÓN
campo de control 20250809022213.0
008 - DATOS DE LONGITUD FIJA--INFORMACIÓN GENERAL
campo de control de longitud fija 940301q1847 sp |||| | spa d
100 1# - ENTRADA PRINCIPAL--NOMBRE DE PERSONA
Nombre de persona Pacheco, Joaquín Francisco,
Fechas asociadas al nombre 1808-1865
9 (RLIN) 88121
245 11 - MENCIÓN DEL TÍTULO
Título [De la monarquía wisigoda y de su código ;
Resto del título El libro de los jueces o Fuero Juzgo /
Mención de responsabilidad, etc. Joaquín Francisco Pacheco y Fermín de la Puente y Apezechea].
260 ## - PUBLICACIÓN, DISTRIBUCIÓN, ETC.
Lugar de publicación, distribución, etc. [S.l. :
Nombre del editor, distribuidor, etc. s.n.,
Fecha de publicación, distribución, etc. ca. 1847]
300 ## - DESCRIPCIÓN FÍSICA
Extensión 75 p. ;
Dimensiones 28 cm.
594 ## - Nota al título y mención de responsabilidad
Nota al título y mención de responsabilidad Sin portada, título y autores tomado de principio y final del texto.
630 04 - PUNTO DE ACCESO ADICIONAL DE MATERIA--TÍTULO UNIFORME
Título uniforme Fuero Juzgo.
9 (RLIN) 121670
650 #4 - PUNTO DE ACCESO ADICIONAL DE MATERIA--TÉRMINO DE MATERIA
Término de materia o nombre geográfico como elemento de entrada Derecho visigodo-
Subdivisión de forma Fuentes.
9 (RLIN) 139069
650 #7 - PUNTO DE ACCESO ADICIONAL DE MATERIA--TÉRMINO DE MATERIA
Término de materia o nombre geográfico como elemento de entrada Derecho-
Subdivisión geográfica España-
Subdivisión de forma Fuentes
Fuente del encabezamiento o término
9 (RLIN) 155630
651 #7 - PUNTO DE ACCESO ADICIONAL DE MATERIA--NOMBRE GEOGRÁFICO
Nombre geográfico España-
Subdivisión general Historia-
Subdivisión cronológica 0414-0711, Época visigoda
Fuente del encabezamiento o término
9 (RLIN) 162046
700 1# - ENTRADA AGREGADA--NOMBRE PERSONAL
Nombre de persona Puente y Apezechea, Fermín de la.
9 (RLIN) 94165
740 32 - ENTRADA AGREGADA--TÍTULO RELACIONADO/ANALÍTICO NO CONTROLADO
Título relacionado o analítico no controlado El libro de los jueces o Fuero Juzgo.
852 4# - LOCALIZACIÓN
Ubicación ES-MaACL
Número de control de estantería T-52-F-4
Nota libre - Enc. hol., falto de port.
-- - Enc. en un vol. facticio
Holdings
Estatus retirado Estado de pérdida Estado de daño No para préstamo Colección Biblioteca de origen Biblioteca actual Ubicación en estantería Fecha de adquisición Total de préstamos Signatura topográfica completa Código de barras Visto por última vez Precio de reemplazo Tipo de ítem Koha
        Colección de folletos Biblioteca del Ateneo de Madrid Biblioteca del Ateneo de Madrid Depósito folletos 17/01/2008   T-52-F-4 1160033 23/02/2023 23/02/2023 Folleto